|
|
|
|
| LEADER |
01264nam a2200313 a 4500 |
| 001 |
3062981 |
| 008 |
090628r20021997enka b 001 0 eng d |
| 999 |
|
|
|c 1771
|d 1771
|
| 010 |
|
|
|a 96184067
|z 2001334993
|
| 020 |
|
|
|a 0714839337
|
| 020 |
|
|
|a 0714835439 (v. 3)
|
| 040 |
|
|
|a DLC
|c DLC
|d DLC
|
| 082 |
0 |
0 |
|a 720.92
|2 20
|
| 100 |
1 |
|
|a Buchanan, Peter.
|9 30170
|
| 245 |
1 |
0 |
|a Renzo Piano Building Workshop :
|b complete works /
|c Peter Buchanan.
|
| 246 |
3 |
0 |
|a Complete works
|
| 260 |
|
|
|a London :
|b Phaidon Press,
|c 1997 [Reprinted 2002]
|
| 300 |
|
|
|a 238 pages :
|b illustrations (some col.) ;
|c 31 cm.
|
| 362 |
0 |
|
|a vol.3
|
| 504 |
|
|
|a Includes bibliographical references and indexes.
|
| 541 |
1 |
|
|e 00012599
|
| 600 |
1 |
0 |
|a Piano, Renzo
|v Catalogs.
|9 30171
|
| 600 |
1 |
0 |
|a Piano, Renzo
|x Themes, motives.
|9 30172
|
| 610 |
2 |
0 |
|a Renzo Piano Building Workshop
|v Catalogs.
|9 30173
|
| 610 |
2 |
0 |
|a Renzo Piano Building Workshop
|x Themes, motives.
|9 30174
|
| 650 |
|
0 |
|a Architecture, Modern
|y 20th century
|x Designs and plans.
|9 30175
|
| 852 |
4 |
|
|a Ayesha Abed Library
|j General shelf
|
| 942 |
|
|
|2 ddc
|c BK
|
| 952 |
|
|
|0 0
|1 0
|2 ddc
|4 0
|6 720_920000000000000_BUC
|7 0
|9 1622
|a BRACUL
|b BRACUL
|c GEN
|d 2009-06-29
|g 2939.00
|l 11
|m 60
|o 720.92 BUC
|p 3010012599
|r 2019-08-21
|s 2019-05-21
|t 1
|w 2009-06-29
|y BK
|x HKD 274.10
|